000 00242nam a2200097Ia 4500
001 735457
005 20250826163853.0
008 250824s9999 xx 000 0 und d
245 0 _aBEYAZ BENEKLİ AT
_cAYLA ÇINAROĞLU
260 _bTUDEM YAYINLARI
999 _c735457
_d735457